=LDR 00000nam 2200000 4500 =001 INLIS000000000007560 =005 20200217031941 =035 ##$$a 0010-061300000007560 =008 200217################g##########0#ind## =041 ##$$a Ind =082 ##$$a 150.194 307 2 =090 ##$$a 150.194 307 2, Ker a =100 ##$$a Kerlinger, Fred N =245 1#$$a Asas-asas penelitian behavioral /$c Fred N. Kelinger =260 ##$$a Yogyakarta :$b Gajah Mada University Press,$c 1996 =300 ##$$a xxv, 1168. : $b ilus. ; $c 14 x 19 cm =650 #4$$a Psikologi-tingkah laku-penelitian =020 ##$$a 979-420-171-5 =084 ##$$a 150.194 307 2 KER a =250 ##$$a Cet. 5 =500 ##$$a Indeks : hlm. 1145 - 1168 =990 ##$$a 118.945/Pro.97 =990 ##$$a 118.944/Pro-97 =990 ##$$a 21602237/BPAP-NTB/2017 =990 ##$$a 21602237/BPAP-NTB/2017 =990 ##$$a 118.945/Pro.97 =990 ##$$a 118.944/Pro-97 =990 ##$$a 21602237/BPAP-NTB/2017 =990 ##$$a 118.945/Pro.97 =990 ##$$a 118.944/Pro-97